000 00189nam a22000857a 4500
001 1243280
005 20260312124521.0
245 _aKEDİDİR O KEDİ
_cDİLEK ALTUNDAĞ
260 _bATLI KARINCA
999 _c1243280
_d1243280